| 000 | 00491nam a22001697a 4500 | ||
|---|---|---|---|
| 005 | 20260303103923.0 | ||
| 008 | 260303b |||||||| |||| 00| 0 eng d | ||
| 020 | _a9789696375692 (pbk) | ||
| 040 | _cPK-LaUMT | ||
| 082 |
_a610.76 _bATI-B |
||
| 100 |
_aAtiq ur Rehman _99603 |
||
| 245 |
_aBasic medical sciences : _banatomy, physiology & biochemistry with MCQs / _cby Atiq ur Rehman |
||
| 250 | _a2nd ed. | ||
| 260 |
_aKarachi : _bParamount Books, _c2024 |
||
| 300 | _a350 p. | ||
| 942 | _cBK | ||
| 999 |
_c139958 _d139958 |
||